| 000 | 01017nam a2200301 i 4500 | ||
|---|---|---|---|
| 003 | EG-GICUC | ||
| 005 | 20260421140738.0 | ||
| 008 | 260421s1970 fr a|||fr|||| 00| 0 fre d | ||
| 040 |
_aEG-GiCUC _bfre _cEG-GiCUC _dEG-GiCUC _eRda |
||
| 041 | _afre | ||
| 082 | 0 | 4 |
_221 _a343.3 _bBE . L |
| 092 | 0 | 4 | _221 |
| 099 | _aLaw1 10 343.3 BE . L 1970 | ||
| 100 | 1 |
_aBesançon, Anne. _eAuteur |
|
| 245 | 1 | 3 |
_aLa libération conditionnelle depuis le code de procédure pénale / _cpar Anne Besançon ; préface de André Françon. |
| 264 | 1 |
_aParis : _bLibrairie générale de droit et de jurisprudence, _c1970. |
|
| 300 |
_a317 page : _billustration ; _c 24 cm. |
||
| 336 |
_2rda contenu _a texte |
||
| 337 |
_2rda medias _aOrdinateur |
||
| 338 |
_2 transporteur rda _a Ressource en ligne |
||
| 546 | _aTexte en français | ||
| 650 | 1 | _2qrmak | |
| 651 | 1 | _2qrmak | |
| 700 | 1 |
_aFrançon, André _eCo-Auteur |
|
| 856 | 4 | 0 | _uhttps://fll.law.cu.edu.eg/fulltext/bks/B10-10556.pdf |
| 905 | _a161 | ||
| 942 |
_2ddc _cBK _e21 _n0 |
||
| 999 |
_c72552 _d72552 |
||